| 000 | 01067nam a22002897a 4500 | ||
|---|---|---|---|
| 005 | 20240530110409.0 | ||
| 008 | 150209s2011 ua f 000 0 ara d | ||
| 017 |
_a11766/2011 _bمصر . دار الكتب المصرية |
||
| 020 | _a9789771808381 | ||
| 040 | _aEG-CaGPL | ||
| 041 | 0 | _aara | |
| 082 | 0 | 4 |
_221 _a962 _bق/ر ص |
| 100 | 0 | _aرءوف عباس | |
| 245 | 1 | 0 |
_aصفحات من تاريخ الوطن / _cرءوف عباس ؛ تحرير عباده كحيلة |
| 250 | _aط1 | ||
| 260 |
_aالقاهرة : _bمطبعة دار الكتب والوثائق القومية باتلقاهرة ، _c2011 |
||
| 300 |
_a591 ص _c30 سم |
||
| 600 | 0 | 4 | _aرءوف عباس |
| 600 | 0 | 4 | _aاحمد لطفى السيد |
| 650 | 0 | 4 |
_aالوثائق _xحفظ وترتيب |
| 650 | 0 | 4 | _aالصحافة المصرية |
| 650 | 0 | 4 |
_aالليبرالية _zمصر |
| 651 | 0 | 4 |
_aمصر _xالاحوال الاجتماعية _yعصر اسماعيل |
| 700 | 0 |
_aعبادة كحيلة _eمحرر |
|
| 942 |
_2ddc _cBK |
||
| 999 |
_c60412 _d60412 |
||